000 00427nam a2200181Ia 4500
005 20250423100348.0
008 250422s9999 xx 000 0 und d
020 _a0-8160-4531-3
050 _aQA 76.2.A2 .H46/
100 _aHarry Henderson
245 0 _aNotable Scientists
260 _aNew York
260 _bFacts On File, Inc.
260 _c2003
300 _a308 p
650 _aComputer scientists
942 _cBK
999 _c33077
_d33077